Вестник золотопромышленности и горного дела вообще: технико-экономический журнал

Podrobná bibliografie
Nový název:Золото и Платина
Jazyk:ruština
Vydáno: Томск, 1892, 1894-1906
Témata:
Médium: MixedMaterials Seriál
KOHA link:https://koha.lib.tpu.ru/cgi-bin/koha/opac-detail.pl?biblionumber=380193

MARC

LEADER 00000nas1a2200000 4500
001 380193
005 20231101062642.0
035 |a (RuTPU)RU\TPU\prd\968 
035 |a BOOK00000969 
090 |a 380193 
100 |a 20011210b1892 k y0rusy50 ca 
101 0 |a rus 
102 |a RU 
110 |a aeazz 0uu0 
200 1 |a Вестник золотопромышленности и горного дела вообще  |e технико-экономический журнал 
210 |a Томск  |a Санкт-Петербург  |d 1892, 1894-1906 
305 |a Издается с 1892 г. 
326 |a 24 номера в год 
440 1 |0 (RuTPU)RU\TPU\prd\969  |t Золото и Платина  |o научно-технический журнал  |c Петроград  |n Типо-Литография "Якорь"  |d 1906-1916 
512 1 |a Вестникъ золотопромышленности и горнаго дела вообще 
610 1 |a золото 
610 1 |a золотопромышленность 
610 1 |a золоторудные месторождения 
610 1 |a горное дело 
610 1 |a минералогия 
610 1 |a золоторудные породы 
675 |a 622.342/349  |v 3 
801 0 |a RU  |b 63413507  |c 20011210  |g PSBO 
801 2 |a RU  |b 63413507  |c 20140407  |g PSBO 
942 |c CR